The politics of the independence of Kenya / (Record no. 6)

MARC details
000 -LEADER
fixed length control field 01515cam a2200361 a 4500
001 - CONTROL NUMBER
control field 3090851
003 - CONTROL NUMBER IDENTIFIER
control field OSt
005 - DATE AND TIME OF LATEST TRANSACTION
control field 20230507165056.0
008 - FIXED-LENGTH DATA ELEMENTS--GENERAL INFORMATION
fixed length control field 981104s1999 nyu b 001 0 eng
010 ## - LIBRARY OF CONGRESS CONTROL NUMBER
LC control number 98050837
020 ## - INTERNATIONAL STANDARD BOOK NUMBER
International Standard Book Number 0312222017 (alk. paper)
035 ## - SYSTEM CONTROL NUMBER
System control number (DLC) 98050837
040 ## - CATALOGING SOURCE
Original cataloging agency DLC
Transcribing agency DLC
Modifying agency DLC
043 ## - GEOGRAPHIC AREA CODE
Geographic area code f-ke---
050 00 - LIBRARY OF CONGRESS CALL NUMBER
Classification number DT433.575
Item number .K95 1999
082 00 - DEWEY DECIMAL CLASSIFICATION NUMBER
Classification number 967.62/03
Edition number 21
100 1# - MAIN ENTRY--PERSONAL NAME
Personal name Kyle, Keith.
245 14 - TITLE STATEMENT
Title The politics of the independence of Kenya /
Statement of responsibility, etc. Keith Kyle.
260 ## - PUBLICATION, DISTRIBUTION, ETC. (IMPRINT)
Place of publication, distribution, etc. New York :
Name of publisher, distributor, etc. St. Martin's Press,
Date of publication, distribution, etc. 1999.
300 ## - PHYSICAL DESCRIPTION
Extent xviii, 258 p. ;
Dimensions 23 cm.
490 1# - SERIES STATEMENT
Series statement Contemporary history in context
500 ## - GENERAL NOTE
General note "In association with Institute of Contemporary British History, ICBH."
504 ## - BIBLIOGRAPHY, ETC. NOTE
Bibliography, etc Includes bibliographical references (p. 239-243) and index.
651 #0 - SUBJECT ADDED ENTRY--GEOGRAPHIC NAME
Geographic name Kenya
General subdivision Politics and government
Chronological subdivision To 1963.
651 #0 - SUBJECT ADDED ENTRY--GEOGRAPHIC NAME
Geographic name Kenya
General subdivision History
-- Autonomy and independence movements.
830 #0 - SERIES ADDED ENTRY--UNIFORM TITLE
Uniform title Contemporary history in context series.
856 42 - ELECTRONIC LOCATION AND ACCESS
Materials specified Contributor biographical information
Uniform Resource Identifier <a href="http://www.loc.gov/catdir/bios/hol057/98050837.html">http://www.loc.gov/catdir/bios/hol057/98050837.html</a>
856 42 - ELECTRONIC LOCATION AND ACCESS
Materials specified Publisher description
Uniform Resource Identifier <a href="http://www.loc.gov/catdir/description/hol056/98050837.html">http://www.loc.gov/catdir/description/hol056/98050837.html</a>
856 41 - ELECTRONIC LOCATION AND ACCESS
Materials specified Table of contents
Uniform Resource Identifier <a href="http://www.loc.gov/catdir/toc/hol052/98050837.html">http://www.loc.gov/catdir/toc/hol052/98050837.html</a>
906 ## - LOCAL DATA ELEMENT F, LDF (RLIN)
a 7
b cbc
c orignew
d 1
e ocip
f 19
g y-gencatlg
942 ## - ADDED ENTRY ELEMENTS (KOHA)
Source of classification or shelving scheme Dewey Decimal Classification
Koha item type Books
Holdings
Withdrawn status Lost status Source of classification or shelving scheme Damaged status Not for loan Home library Current library Date acquired Total Checkouts Full call number Barcode Date last seen Price effective from Koha item type
    Dewey Decimal Classification     Bunge Tower Library Bunge Tower Library 06/02/2023   967.6203 10014400 06/02/2023 06/02/2023 Books
LIBRARY OPENING HOURS

When the Parliament is sitting: 8.00a.m - 7.00p.m or until the house adjourns
Mondays and Fridays and when the House is on Recess:  8.00a.m - 5.00p.m
Closed on Weekends and Public Holidays

Online Public Access Catalog (OPAC)
Website: http://www.parliament.go.ke
Bunge Library: https://libraryir.parliament.go.ke
Contact: library@parliament.go.ke | Tel no: (254-2)2221291 or 2848000 Ext 5043